Por la juventud / (Registro nro. 7848)

Detalles MARC
000 -LIDER
fixed length control field 00862nam a2200241 a 4500
001 - NÚMERO DE CONTROL
Identificador de número de control 000031960
003 - IDENTIFICACDOR DE NÚMERO DE CONTROL
control field DO-SdBNP
005 - DATE AND TIME OF LATEST TRANSACTION
control field 20180213130402.0
007 - CAMPOS FIJOS DE DESCRIPCIÓN FÍSICA
fixed length control field 000031960
008 - ELEMENTOS DE LONGITUD FIJA
fixed length control field 110707q1979 dr 000 | spa d
040 ## - FUENTE DE CATALOGACIÓN
Agencia que crea de manera original el registro BPMET
Idioma de catalogación spa
Agencia que realiza la transcripción BPMET
092 ## - LOCALLY ASSIGNED DEWEY DECIMAL CALL NUMBER
Número de clasificación xxx
Número de ítem (Cutter) L296p
100 1# - ASIENTO PRINCIPAL -- NOMBRE PERSONAL
Nombre personal Lantigua, José Rafael
245 10 - MENCIÓN DE TITULO
Título Por la juventud /
Mención de responsabilidad José Rafael Lantigua.
260 ## - PUBLICACIÓN, DISTRIBUCIÓN, ETC. (PIE DE IMPRENTA)
Lugar de publicación, distribución, etc [Moca, República Dominicana] :
Nombre del editor, distribuidor, etc. [s.n.],
Fecha de publicación, distribución, etc [1980].
300 ## - DESCRIPCIÓN FÍSICA
Extensión 14 p. ;
Dimensiones 21 cm.
500 ## - NOTA GENERAL
Nota general Discurso pronunciado por el Lic. José Rafael Lantigua en el acto donde fueron honrados con el premio “Presencia mocana” 12 distinguidos ciudadanos nativos de Moca.
930 #1 - EQUIVALENCE OR CROSS-REFERENCE-UNIFORM TITLE HEADING [LOCAL, CANADA]
Language of a work BND01
Medium of performance for music LF1
Field link and sequence number 20110707
Date of a work 01
Name of part/section of a work HD
Miscellaneous information 27139
942 ## - ADDED ENTRY ELEMENTS (KOHA)
Source of classification or shelving scheme Dewey Decimal Classification
Koha item type Libros
945 ## - INFORMACIÓN DE PROCESAMIENTO LOCAL
Información de procesamiento local inventariado, 2018 / dg
956 ## - LOCAL ELECTRONIC LOCATION AND ACCESS (OCLC)
Nombre de host YLOCKWARD
Número de acceso 10
Información de compresión 20110707
Inicio de sesión BND01
Procesador de solicitud 1157
956 ## - LOCAL ELECTRONIC LOCATION AND ACCESS (OCLC)
Nombre de host VMATEO
Número de acceso 10
Información de compresión 20150511
Inicio de sesión BMET02
Procesador de solicitud 00151
Existencias
Withdrawn status Lost status Source of classification or shelving scheme Damaged status Not for loan Home library Current library Date acquired Total Checkouts Barcode Date last seen Price effective from Koha item type
    Dewey Decimal Classification     Biblioteca Pública Metropolitana Salomé Ureña Biblioteca Pública Metropolitana Salomé Ureña 05/11/2015   BPMET15051662 05/11/2015 05/11/2015 Libros